Statistics for best rappers of all time

Click here to take the quiz!

General Stats

  • This quiz has been taken 602 times
  • The average score is 4 of 8

Answer Stats

HintAnswer% Correct
beyonces husbandjay-z
93%
not kayne eastkanye west
93%
half a dollar50 cent
89%
a two pack2pac
73%
sounds like a candyeminem
62%
turn up for himlil jon
16%
brazilian hotnessj-tech
4%
IHOPhopsin
3%

Score Distribution

Percentile by Number Answered

Percent of People with Each Score

Your Score History

You have not taken this quiz